000 00700nam a2200289Ia 4500
005 20260324122801.0
008 008 260324s9999 xx 000 0 eng d
020 _a9780203096499
037 _aEBOOK
040 _aCRL
040 _beng
040 _cCRL
041 _2eng
041 _aeng
084 _qCRL
100 _aAndy Kempe
_91167802
245 0 _aDrama, Disability and Education
245 2 _bA critical exploration for students and practitioners
260 _bTaylor and Francis
260 _c2012
365 _a
365 _b265
856 _uhttp://www.taylorfrancis.com/books/9780203096499
942 _cEBOOK
999 _c1760798
_d1760798